|
|
|
|
| LEADER |
00000nbm0a2200000 4500 |
| 001 |
138692 |
| 005 |
20231031141524.0 |
| 035 |
|
|
|a (RuTPU)RU\TPU\book\150270
|
| 090 |
|
|
|a 138692
|
| 100 |
|
|
|a 20080529d1968 k y0rusy50 ca
|
| 101 |
0 |
|
|a rus
|
| 102 |
|
|
|a RU
|
| 105 |
|
|
|a a m 001zy
|
| 200 |
1 |
|
|a Синтез анионитов на основе сополимеров, содержащих 3-винил-9-алкидкарбазолы
|e Диссертационная работа на соискание ученой степени кандидата химических наук
|f М. П. Грошева
|g Томский политехнический институт (ТПИ) ; науч. рук. Е. Е. Сироткина
|
| 210 |
|
|
|a Томск
|d 1968
|
| 215 |
|
|
|a 115 л.
|c ил.
|
| 320 |
|
|
|a Библиогр.: с. 100 - 214 ( 289 назв.)
|
| 320 |
|
|
|a Библиогр.: с. 115.
|
| 610 |
1 |
|
|a ионнообменные смолы
|
| 610 |
1 |
|
|a синтез
|
| 610 |
1 |
|
|a реакция
|
| 610 |
1 |
|
|a сополимеризация
|
| 610 |
1 |
|
|a дивинилбензол
|
| 610 |
1 |
|
|a стирол
|
| 610 |
1 |
|
|a хлорметилирование
|
| 610 |
1 |
|
|a 3-винил-9-алкилкарбазол
|
| 610 |
1 |
|
|a аниониты
|
| 610 |
1 |
|
|a радиационная стойкость
|
| 610 |
1 |
|
|a физико-химические исследования
|
| 610 |
1 |
|
|a диссертационные работы
|
| 675 |
|
|
|a 678(04)
|v 3
|
| 700 |
|
1 |
|a Грошева
|b М. П.
|
| 702 |
|
1 |
|a Сироткина
|b Е. Е.
|4 727
|
| 712 |
0 |
2 |
|a Томский политехнический институт (ТПИ)
|c (1944-1991)
|2 stltpush
|3 (RuTPU)RU\TPU\col\1123
|
| 801 |
|
1 |
|a RU
|b 63413507
|c 20080529
|g PSBO
|
| 801 |
|
2 |
|a RU
|b 63413507
|c 20130723
|g RCR
|
| 942 |
|
|
|c BK
|